<?xml version="1.0" encoding="UTF-8"?>
<record
    xmlns:xsi="http://www.w3.org/2001/XMLSchema-instance"
    xsi:schemaLocation="http://www.loc.gov/MARC21/slim http://www.loc.gov/standards/marcxml/schema/MARC21slim.xsd"
    xmlns="http://www.loc.gov/MARC21/slim">

  <leader>02461nam a2200277   4500</leader>
  <controlfield tag="001">ESSALUD</controlfield>
  <controlfield tag="005">20260702105411.0</controlfield>
  <controlfield tag="007">ta</controlfield>
  <controlfield tag="008">      t        pe ||||| |||| 00| 0 spa d</controlfield>
  <datafield tag="040" ind1=" " ind2=" ">
    <subfield code="a">BMG</subfield>
  </datafield>
  <datafield tag="041" ind1=" " ind2=" ">
    <subfield code="a">spa</subfield>
  </datafield>
  <datafield tag="100" ind1=" " ind2=" ">
    <subfield code="a">Torres Carrasco, Manuel Alberto </subfield>
    <subfield code="e">Autor</subfield>
    <subfield code="9">21063</subfield>
  </datafield>
  <datafield tag="245" ind1=" " ind2=" ">
    <subfield code="a">Las acciones cambiarias. Directa, de regreso y de ulterior regreso</subfield>
  </datafield>
  <datafield tag="246" ind1=" " ind2=" ">
    <subfield code="a">Exchange actions. Direct, recourse, and further recourse</subfield>
  </datafield>
  <datafield tag="300" ind1=" " ind2=" ">
    <subfield code="a">p&#xE1;ginas 209-214</subfield>
  </datafield>
  <datafield tag="520" ind1=" " ind2=" ">
    <subfield code="a">El titular de un t&#xED;tulo valor tiene a su disposici&#xF3;n diversos mecanismos para
hacer efectivo el cobro del importe contenido en el documento cambiario. As&#xED;, en principio,
puede ejercitar las denominadas "acciones cambiar&#xED;as", entre las que tenemos a
la directa, de regreso y de ulterior regreso. El autor explica cada una de ellas Y cu&#xE1;les
son los presupuestos para su ejercicio y su aplicaci&#xF3;n pr&#xE1;ctica. Igualmente, refiere que
el tenedor del t&#xED;tulo valor podr&#xED;a optar, en defecto de la acci&#xF3;n cambiar&#xED;a o alternativamente
a esta, por la denominada acci&#xF3;n causal y, finalmente, por la acci&#xF3;n de enriquecimiento
indebido, en caso haya perdido la acci&#xF3;n cambiar&#xED;a contra todos los obligados
y que adem&#xE1;s no pueda ejercitar las acciones causales. 
</subfield>
  </datafield>
  <datafield tag="520" ind1=" " ind2=" ">
    <subfield code="a">The holder of o negotiable instrument has various mechanisms at their disposal to enforce
the collection of the amount stated in the exchange document. Thus, in principle, the holder may
exercise the so-called "exchange actions," which include direct action, recourse action, and further
recourse action. The author explains each of these, along with the requirements for their exercise and
their practical application. Likewise, the author notes that, in the absence of an exchange action or
as an alternative to it, the holder may opt for the so-called "causal action" and, finally, far the "unjust
enrichment action," in cases where the exchange action against all obligated parties has been lost and
the causal actions can no longer be exercised.
</subfield>
  </datafield>
  <datafield tag="650" ind1=" " ind2=" ">
    <subfield code="a">ACCIONES CAMBIARIAS</subfield>
    <subfield code="9">53105</subfield>
  </datafield>
  <datafield tag="650" ind1=" " ind2=" ">
    <subfield code="a">T&#xCD;TULOS VALORES</subfield>
    <subfield code="9">53106</subfield>
  </datafield>
  <datafield tag="650" ind1=" " ind2=" ">
    <subfield code="a">PROCESO EJECUTIVO</subfield>
    <subfield code="9">53107</subfield>
  </datafield>
  <datafield tag="650" ind1=" " ind2=" ">
    <subfield code="a">EXCHANGE ACTIONS </subfield>
    <subfield code="9">53108</subfield>
  </datafield>
  <datafield tag="650" ind1=" " ind2=" ">
    <subfield code="a">NEGOTIABLE INSTRUMENTS </subfield>
    <subfield code="9">53109</subfield>
  </datafield>
  <datafield tag="650" ind1=" " ind2=" ">
    <subfield code="a">EXECUTIVE PROCESS </subfield>
    <subfield code="9">53110</subfield>
  </datafield>
  <datafield tag="773" ind1="0" ind2=" ">
    <subfield code="0">22573</subfield>
    <subfield code="9">22621</subfield>
    <subfield code="d">Lima Grupo Praxis Formaci&#xF3;n Profesional, 2026-</subfield>
    <subfield code="o">PRA002</subfield>
    <subfield code="t">Praxis Civil &amp; Procesal Civil</subfield>
    <subfield code="w">ESSALUD</subfield>
    <subfield code="x">3119-7671</subfield>
  </datafield>
  <datafield tag="942" ind1=" " ind2=" ">
    <subfield code="c">ARTICULOS</subfield>
    <subfield code="e">2026-07-01</subfield>
    <subfield code="z">sqb</subfield>
  </datafield>
  <datafield tag="999" ind1=" " ind2=" ">
    <subfield code="c">22613</subfield>
    <subfield code="d">22613</subfield>
  </datafield>
</record>
